A biotermék sokkal értékesebb az ökogazdálkodás tapasztalatairól Mindszenten

Elmentve itt :
Bibliográfiai részletek
Dokumentumtípus: Cikk
Megjelent: 2004-03-02
Sorozat:Délmagyarország 94 No. 52 Pén
Kulcsszavak:Fuchsz Máté, Mindszent, Eseménynaptár Mindszent 2004. 03., Könyvtár fotókiállítás Mindszent, Keller Lajos Városi Könyvtár és Helytörténeti Gyűjtemény (Mindszent)
Online Access:http://dmarchiv.bibl.u-szeged.hu/132983
LEADER 00629nab a2200145 i 4500
001 delm132983
005 20191204082827.0
008 191204s2004 hu o 0|| hun d
040 |a SZTE Délmagyarország Archívum  |b hun 
041 |a hun 
245 0 2 |a A biotermék sokkal értékesebb   |h [elektronikus dokumentum] :  |b az ökogazdálkodás tapasztalatairól Mindszenten 
260 |c 2004-03-02 
300 |a 6 
490 0 |a Délmagyarország  |v 94 No. 52 Pén 
695 |a Fuchsz Máté, Mindszent, Eseménynaptár Mindszent 2004. 03., Könyvtár fotókiállítás Mindszent, Keller Lajos Városi Könyvtár és Helytörténeti Gyűjtemény (Mindszent)